[Event "ICS Rated blitz match"]
[Site "207.99.83.229"]
[Date "1999.05.29"]
[Round "?"]
[White "jacdion"]
[Black "Hossa"]
[Result "1-0"]
[WhiteElo "2813"]
[BlackElo "2453"]
[PlyCount "86"]

1. e4 e5 2. Nf3 Nc6 3. Bb5 a6 4. Ba4 Nf6 5. O-O Be7 6. Re1 b5 7. Bb3 d6 8. c3
O-O 9. h3 Na5 10. Bc2 c5 11. d4 Qc7 12. Nbd2 cxd4 13. cxd4 Rd8 14. d5 Bd7 15.
Nf1 Rac8 16. Bd3 Nc4 17. b3 Nb6 18. Bg5 Rf8 19. Qd2 Qc3 20. Qe2 Qb4 21. Ng3 Rc7
22. Rac1 Rxc1 23. Rxc1 Rc8 24. Rc2 Qa3 25. Nh5 Nxh5 26. Bxe7 Nf4 27. Qe3 Nbxd5
28. exd5 Nxd5 29. Qa7 Rxc2 30. Bxc2 Bc8 31. Bg5 Qxa2 32. Bf5 Qxb3 33. Qb8 Qc3
34. Qxd6 Qc7 35. Qxc7 Nxc7 36. Bxc8 f6 37. Bd2 e4 38. Nd4 e3 39. Ba5 exf2+ 40.
Kxf2 Ne8 41. Bxa6 g6 42. Bxb5 Nd6 43. Bc6 43... f5 {Hossa resigns} 1-0

[Event "ICS rated blitz match"]
[Site "207.99.83.229"]
[Date "1999.05.29"]
[Round "?"]
[White "jacdion"]
[Black "Hossa"]
[Result "1-0"]
[WhiteElo "2817"]
[BlackElo "2457"]
[PlyCount "125"]

1. e4 e5 2. Nf3 Nc6 3. Bb5 a6 4. Ba4 Nf6 5. O-O Be7 6. Re1 b5 7. Bb3 O-O 8. h3
Bb7 9. d3 d6 10. a3 Kh8 11. Bd2 Nd7 12. Bc3 f5 13. exf5 Rxf5 14. Be6 Rf4 15.
Bd2 Rf8 16. Nc3 Qe8 17. Nd5 Bd8 18. Bg4 Qf7 19. Bxd7 Qxd7 20. Nc3 Qf5 21. Ne4
d5 22. Ng3 Qf7 23. Qe2 a5 24. c3 Bf6 25. Ng5 Bxg5 26. Bxg5 Qg6 27. Bd2 Rae8 28.
b4 a4 29. Rac1 Re7 30. Rf1 Rf6 31. Rcd1 Ref7 32. c4 bxc4 33. dxc4 Re6 34. cxd5
Nd4 35. Qe4 Qxe4 36. Nxe4 Rg6 37. Nc3 Bc8 38. Kh1 Nc2 39. f4 exf4 40. Rxf4 Kg8
41. Rxf7 Kxf7 42. Rf1+ Kg8 43. Nb5 Ba6 44. Rc1 Bxb5 45. Rxc2 c6 46. dxc6 Bxc6
47. Bf4 Kf7 48. Kh2 Be4 49. Rc7+ Ke6 50. g3 h6 51. Be3 Kd5 52. b5 Re6 53. b6
Kd6 54. Bc5+ Ke5 55. Rxg7 Kf6 56. Bd4+ Kf5 57. g4+ Kf4 58. Rf7+ Kg5 59. Kg3 h5
60. Rg7+ Rg6 61. h4+ Kh6 62. g5+ Rxg5+ 63. hxg5# {Hossa checkmated} 1-0

[Event "ICS rated blitz match"]
[Site "207.99.83.229"]
[Date "1999.05.29"]
[Round "?"]
[White "Hossa"]
[Black "Alwayswinner"]
[Result "1-0"]
[WhiteElo "2453"]
[BlackElo "2130"]
[PlyCount "63"]

1. e4 c5 2. Nf3 d6 3. d4 cxd4 4. Nxd4 Nf6 5. Nc3 Nc6 6. Be2 Bd7 7. O-O e6 8.
Ndb5 Bc8 9. Bf4 e5 10. Bg5 a6 11. Bxf6 gxf6 12. Na3 b5 13. Qd5 Qc7 14. Ncxb5
axb5 15. Nxb5 Qd7 16. Bg4 Qxg4 17. Qxc6+ Qd7 18. Qxa8 Be7 19. Nc3 O-O 20. Nd5
Bd8 21. Qa3 Bb7 22. Rfd1 Bxd5 23. Rxd5 Be7 24. c4 Rc8 25. c5 Qc6 26. cxd6 Bd8
27. Qg3+ Kf8 28. d7 Rc7 29. Qd3 Ke7 30. Qa3+ Ke6 31. Rad1 Be7 32. Qh3+ {
Alwayswinner resigns} 1-0

[Event "ICS Rated blitz match"]
[Site "207.99.83.229"]
[Date "1999.05.29"]
[Round "?"]
[White "matar"]
[Black "Hossa"]
[Result "1-0"]
[WhiteElo "2189"]
[BlackElo "2457"]
[PlyCount "82"]

1. e4 e5 2. Nf3 Nf6 3. d4 exd4 4. e5 Ne4 5. Qxd4 d5 6. exd6 Nxd6 7. Bd3 Nc6 8.
Qf4 Be7 9. O-O O-O 10. Nc3 Bd7 11. Re1 Re8 12. Nd5 h6 13. Bd2 Be6 14. Nxe7+
Qxe7 15. c4 Qd7 16. Bc3 Bf5 17. Rxe8+ Rxe8 18. Rd1 Bxd3 19. Rxd3 Qe6 20. b3 Qg6
21. Rd1 Re2 22. h3 Rxa2 23. Ne5 Qh5 24. Re1 Nxe5 25. Rxe5 Qd1+ 26. Kh2 Qxb3 27.
c5 Qxc3 28. cxd6 Qc6 29. dxc7 Rc2 30. Re7 Qg6 31. Re8+ Kh7 32. c8=Q Rxc8 33.
Rxc8 b5 34. Rc7 a5 35. Qxf7 Qxf7 36. Rxf7 Kg6 37. Rb7 b4 38. Rb5 h5 39. h4 a4
40. Rxb4 a3 41. Ra4 41... a2 {Hossa resigns} 1-0

[Event "ICS rated blitz match"]
[Site "207.99.83.229"]
[Date "1999.05.29"]
[Round "?"]
[White "Hossa"]
[Black "matar"]
[Result "1-0"]
[WhiteElo "2431"]
[BlackElo "2214"]
[PlyCount "39"]

1. e4 c5 2. Nf3 e6 3. d4 cxd4 4. Nxd4 a6 5. Nc3 Qc7 6. Bd3 Nf6 7. Bg5 Nc6 8.
Bxf6 gxf6 9. Nxc6 dxc6 10. Qf3 Qe5 11. O-O-O Bd7 12. Na4 O-O-O 13. Nb6+ Kb8 14.
Bxa6 Bd6 15. Qb3 Be8 16. Nc4 Qf4+ 17. Kb1 b5 18. a4 Ka7 19. axb5 cxb5 20. Bxb5
{matar resigns} 1-0

[Event "ICS rated blitz match"]
[Site "207.99.83.229"]
[Date "1999.05.29"]
[Round "?"]
[White "Hossa"]
[Black "Roundrobbin"]
[Result "1/2-1/2"]
[WhiteElo "2445"]
[BlackElo "2319"]
[PlyCount "126"]

1. e4 d6 2. d4 Nf6 3. f3 e5 4. d5 Be7 5. Bd3 O-O 6. Ne2 Nbd7 7. O-O Nc5 8. Nbc3
Ne8 9. Bc4 a5 10. f4 exf4 11. Bxf4 Bg5 12. Qd2 Bxf4 13. Qxf4 Qf6 14. a3 Qxf4
15. Nxf4 Nf6 16. Rae1 Bd7 17. e5 dxe5 18. Rxe5 Rfe8 19. Rfe1 Rxe5 20. Rxe5 Re8
21. Rxe8+ Bxe8 22. Bd3 Kf8 23. b4 axb4 24. axb4 Na4 25. Nxa4 Bxa4 26. c4 Ke7
27. Ne2 Kd6 28. Nd4 g6 29. b5 Kc5 30. Nf3 Bb3 31. Nd2 Ba2 32. Bf1 Ng4 33. Ne4+
Kd4 34. d6 cxd6 35. Nxd6 b6 36. Nxf7 Bxc4 37. Ng5 Nf6 38. g4 Bxf1 39. Kxf1 Nxg4
40. h3 Nf6 41. Ke2 Kc4 42. Ke3 Kxb5 43. Kd4 Ka4 44. Ke5 Nh5 45. Nxh7 b5 46. Ng5
b4 47. Ne4 b3 48. Nc3+ Kb4 49. Nb1 b2 50. Ke4 Kb3 51. Nd2+ Kc2 52. Nc4 b1=Q 53.
Na3+ Kb2+ 54. Nxb1 Kxb1 55. Kf3 Nf6 56. Kf4 Nh7 57. Ke5 Kc2 58. Ke6 Kd3 59. Kf7
g5 60. Kg6 Ke4 61. Kxh7 Kf4 62. Kg6 Kg3 63. Kxg5 63... Kxh3 {
Game drawn because neither player has mating material} 1/2-1/2

[Event "ICS rated blitz match"]
[Site "207.99.83.229"]
[Date "1999.05.30"]
[Round "?"]
[White "Lohti"]
[Black "Hossa"]
[Result "0-1"]
[WhiteElo "2332"]
[BlackElo "2439"]
[PlyCount "58"]

1. d4 d5 2. Nf3 Nf6 3. g3 e6 4. Bg2 Bd6 5. O-O O-O 6. c4 dxc4 7. Qc2 Nc6 8.
Nbd2 b5 9. a4 Nb4 10. Qc3 Nfd5 11. Qa3 Nc2 12. Qa2 Ndb4 13. Qb1 Nxa1 14. Qxa1
c6 15. Ne4 Bb8 16. Bd2 Nc2 17. Qb1 Nxd4 18. Nxd4 Qxd4 19. Bc3 Qb6 20. Ng5 f5
21. axb5 Qxb5 22. Qc1 f4 23. Qc2 Qxg5 24. Bxc6 fxg3 25. hxg3 Bxg3 26. fxg3 Qc5+
27. Kh2 Rxf1 28. Bxa8 Qh5+ 29. Kg2 29... Qh1# {Lohti checkmated} 0-1

[Event "ICS rated blitz match"]
[Site "207.99.83.229"]
[Date "1999.05.30"]
[Round "?"]
[White "Hossa"]
[Black "joejan"]
[Result "1-0"]
[WhiteElo "2450"]
[BlackElo "2266"]
[PlyCount "73"]

1. e4 c5 2. Nf3 d6 3. d4 cxd4 4. Nxd4 Nf6 5. Nc3 a6 6. f4 Qc7 7. Bd3 Bg4 8. Nd5
Nxd5 9. Qxg4 Nb4 10. O-O Nxd3 11. cxd3 Nd7 12. Be3 Nf6 13. Qg5 g6 14. f5 Bg7
15. fxg6 hxg6 16. Ne6 fxe6 17. Qxg6+ Kf8 18. e5 dxe5 19. Rac1 Qd7 20. Rc4 Qe8
21. Qg3 Qf7 22. Rc7 Bh6 23. Bxh6+ Rxh6 24. Rxb7 Rc8 25. Ra7 Rg6 26. Qxe5 Rc2
27. g3 Kg7 28. Rxa6 Rh6 29. h4 Rg6 30. Rxe6 Kf8 31. Ra6 Qe8 32. h5 Rg7 33. Rb6
Qd7 34. Rb8+ Kf7 35. Rf3 Qh3 36. Rxf6+ exf6 37. Qe8# {joejan checkmated} 1-0

[Event "ICS rated blitz match"]
[Site "207.99.83.229"]
[Date "1999.05.30"]
[Round "?"]
[White "Hossa"]
[Black "Lohti"]
[Result "1-0"]
[WhiteElo "2458"]
[BlackElo "2325"]
[PlyCount "121"]

1. e4 e6 2. Nf3 d5 3. exd5 exd5 4. d4 Nc6 5. Bb5 Bd6 6. c4 dxc4 7. Bxc6+ bxc6
8. O-O Bg4 9. h3 Bh5 10. Nbd2 Ne7 11. Nxc4 O-O 12. Bg5 Re8 13. Re1 Qd7 14. Nfe5
Bxe5 15. Nxe5 Bxd1 16. Nxd7 Rad8 17. Nc5 f6 18. Ne6 Rd7 19. Bxf6 gxf6 20. Raxd1
Nd5 21. Nc5 Rde7 22. Rxe7 Rxe7 23. Rd3 Re2 24. Ra3 Rxb2 25. Rxa7 Nc3 26. Rxc7
Ne2+ 27. Kh2 Nf4 28. Ne4 Ne6 29. Nxf6+ Kf8 30. Nxh7+ Kg8 31. Nf6+ Kf8 32. Rxc6
Nxd4 33. Rc4 Nf5 34. Rf4 Nd6 35. a4 Ke7 36. Kg3 Ra2 37. Kg4 Nf7 38. Nd5+ Ke6
39. Nc7+ Ke7 40. Kf5 Nd6+ 41. Ke5 Nb7 42. Nd5+ Kd7 43. Rf7+ Kc8 44. Nb6+ Kb8
45. Kd4 Nd6 46. Rf4 Ne8 47. Kc5 Nc7 48. Rf7 Rc2+ 49. Kb4 Kb7 50. Nd5 Kb8 51.
Nxc7 Rxc7 52. Rxc7 Kxc7 53. a5 Kb7 54. h4 Ka6 55. h5 Ka7 56. h6 Kb7 57. Kc5 Ka6
58. h7 Kxa5 59. h8=Q Ka4 60. Qh3 Ka5 61. Qa3# {Lohti checkmated} 1-0

[Event "ICS rated blitz match"]
[Site "207.99.83.229"]
[Date "1999.05.30"]
[Round "?"]
[White "jacdion"]
[Black "Hossa"]
[Result "1-0"]
[WhiteElo "2838"]
[BlackElo "2468"]
[PlyCount "52"]

1. e4 c5 2. Nf3 e6 3. d4 cxd4 4. Nxd4 a6 5. Nc3 Qc7 6. Be2 Nf6 7. O-O Nc6 8.
Be3 Bb4 9. Nxc6 Bxc3 10. bxc3 dxc6 11. Qd3 O-O 12. Rfd1 Qa5 13. Bf4 b6 14. a4
Bb7 15. c4 e5 16. Bg5 Rae8 17. Bxf6 gxf6 18. Qg3+ Kh8 19. Qh4 Qc3 20. Qxf6+ Kg8
21. Rd3 Re6 22. Qg5+ Rg6 23. Qxg6+ fxg6 24. Rxc3 c5 25. Rb1 Rf6 26. a5 26...
Bxe4 {Hossa resigns} 1-0

[Event "ICS rated blitz match"]
[Site "207.99.83.229"]
[Date "1999.05.30"]
[Round "?"]
[White "Hossa"]
[Black "jacdion"]
[Result "0-1"]
[WhiteElo "2465"]
[BlackElo "2841"]
[PlyCount "147"]

1. e4 c5 2. Nf3 e6 3. d4 cxd4 4. Nxd4 Nf6 5. Nc3 d6 6. g4 h6 7. h4 Nc6 8. Rg1
h5 9. gxh5 Nxh5 10. Bg5 Nf6 11. Be2 a6 12. Nxc6 bxc6 13. Qd4 e5 14. Qe3 Qa5 15.
O-O-O Nh7 16. Qd2 Be6 17. a3 Nxg5 18. Qxg5 Qc5 19. Rg2 f6 20. Qg3 Qa7 21. Bg4
Bf7 22. Qh3 Qc7 23. Be6 Bh5 24. Rdg1 Qb7 25. Qf5 a5 26. Rg3 a4 27. Rd3 Qe7 28.
Qh3 Bf7 29. Bxf7+ Qxf7 30. Rg4 g5 31. Rf3 Bg7 32. Rfg3 Qe6 33. Rd3 Bf8 34. Qg3
Qd7 35. hxg5 fxg5 36. Rd1 Be7 37. Kb1 Qe6 38. Qf3 Qc4 39. Qe3 Rh2 40. Rgg1 Qc5
41. Qxc5 dxc5 42. Rdf1 c4 43. Rg3 Kd7 44. Ka2 Ke6 45. Nd1 Rd8 46. Ne3 Rd2 47.
Ng4 Rh4 48. c3 Bc5 49. Nxe5 Kxe5 50. Rxg5+ Kd6 51. f4 Rhh2 52. Rb1 Rhe2 53. Rg8
Rc2 54. e5+ Kd5 55. Ra8 Rxc3 56. Rxa4 Rf3 57. Ra5 Rxf4 58. Rd1+ Rd4 59. Rxd4+
Kxd4 60. Ka1 Rxe5 61. Ra4 Kd3 62. Ra8 c3 63. bxc3 Kxc3 64. Rb8 Bxa3 65. Ka2 Ra5
66. Rb3+ Kc2 67. Rxa3 Rxa3+ 68. Kxa3 c5 69. Ka4 c4 70. Kb4 Kd3 71. Ka3 c3 72.
Kb4 c2 73. Kc5 c1=Q+ 74. Kd5 {Hossa resigns} 0-1

[Event "ICS rated blitz match"]
[Site "207.99.83.229"]
[Date "1999.05.30"]
[Round "?"]
[White "blunite"]
[Black "Hossa"]
[Result "0-1"]
[WhiteElo "2264"]
[BlackElo "2462"]
[PlyCount "94"]

1. e4 c5 2. Nf3 e6 3. d3 Nc6 4. Nbd2 Nf6 5. g3 d5 6. Bg2 Bd6 7. O-O O-O 8. Re1
e5 9. exd5 Nxd5 10. Nc4 Bg4 11. h3 Bxf3 12. Bxf3 Bc7 13. c3 Qd7 14. Bg2 Rad8
15. Qc2 b5 16. Na3 a6 17. Be3 Nxe3 18. Rxe3 Ne7 19. Rae1 Bb8 20. c4 b4 21. Nb1
Nf5 22. Re4 Kh8 23. Nd2 Qxd3 24. Qxd3 Rxd3 25. Nb3 Rc8 26. Bf1 Rdd8 27. Bg2 Nd4
28. Rxe5 Bxe5 29. Rxe5 Nxb3 30. axb3 Rd3 31. Bb7 Rcd8 32. Rxc5 Rxb3 33. Bxa6
Rxb2 34. Rb5 g6 35. c5 Rd1+ 36. Kg2 Rdd2 37. g4 Rxf2+ 38. Kg3 Rfc2 39. Bb7 Rb3+
40. Kf4 Rc4+ 41. Ke5 Rxh3 42. c6 Rxg4 43. c7 Rc3 44. Kd6 Rgc4 45. c8=Q+ Rxc8
46. Bxc8 Rxc8 47. Rxb4 47... Kg7 {blunite resigns} 0-1

[Event "ICS rated blitz match"]
[Site "207.99.83.229"]
[Date "1999.05.30"]
[Round "?"]
[White "Roundrobbin"]
[Black "Hossa"]
[Result "0-1"]
[WhiteElo "2287"]
[BlackElo "2477"]
[PlyCount "61"]

1. Nf3 Nf6 2. c4 Nc6 3. d4 e6 4. Nc3 d5 5. Bg5 Be7 6. e3 O-O 7. Rc1 Ne4 8. Bxe7
Qxe7 9. cxd5 Nxc3 10. bxc3 exd5 11. c4 Be6 12. cxd5 Bxd5 13. Bc4 Bxf3 14. gxf3
Qg5 15. f4 Qg2 16. Ke2 Rad8 17. Qg1 Nxd4+ 18. exd4 Qe4+ 19. Kf1 Rxd4 20. Be2
Rd2 21. Re1 Re8 22. f3 Qxf4 23. Qf2 Rxa2 24. Rg1 f5 25. Kg2 Kh8 26. Kh1 Qe5 27.
Rg2 Ra1 28. Rxa1 Qxa1+ 29. Qf1 Qc3 30. f4 Re4 31. h3 {Roundrobbin resigns} 0-1

[Event "ICS rated blitz match"]
[Site "207.99.83.229"]
[Date "1999.05.30"]
[Round "?"]
[White "Hossa"]
[Black "jacdion"]
[Result "0-1"]
[WhiteElo "2485"]
[BlackElo "2852"]
[PlyCount "105"]

1. e4 c5 2. Nf3 e6 3. d4 cxd4 4. Nxd4 Nf6 5. Nc3 d6 6. Be2 a6 7. O-O Nbd7 8. f4
b5 9. Bf3 Bb7 10. a3 Qc7 11. Kh1 Be7 12. f5 e5 13. Nde2 O-O 14. Bg5 Nc5 15.
Bxf6 Bxf6 16. Qd2 Rac8 17. Rad1 Be7 18. Rg1 Nd7 19. Qe1 Nb6 20. Rd3 Nc4 21. Qb1
Bg5 22. Qa2 Rfd8 23. Bh5 Ne3 24. Qb3 Qc4 25. Bf3 Qc5 26. Rb1 Bc6 27. Re1 Rd7
28. Rc1 a5 29. h3 Rb7 30. g4 Nc4 31. Rg1 b4 32. Rd5 Qf2 33. Nd1 Qh4 34. Bg2
Bxd5 35. exd5 Nd2 36. Qa4 Nf3 37. Rf1 bxa3 38. Qxa3 Nd2 39. Rg1 Rc5 40. Qa4 Rb8
41. Nec3 Rd8 42. Qa3 Nf3 43. Rf1 Ne1 44. Qa4 Qg3 45. Rf2 Rxc3 46. bxc3 Bf4 47.
Be4 Qxh3+ 48. Kg1 Qxg4+ 49. Kh1 Qxd1 50. Rxf4 exf4 51. Kg1 f3 52. Qxa5 Nd3+ 53.
Kh2 {Hossa resigns} 0-1

[Event "ICS Rated blitz match"]
[Site "207.99.83.229"]
[Date "1999.05.30"]
[Round "?"]
[White "Hossa"]
[Black "Roundrobbin"]
[Result "1-0"]
[WhiteElo "2482"]
[BlackElo "2297"]
[PlyCount "85"]

1. e4 e5 2. Nf3 Nc6 3. Bb5 Nf6 4. O-O Nxe4 5. Re1 Nd6 6. Nxe5 Nxe5 7. Rxe5+ Be7
8. Bf1 O-O 9. d4 Bf6 10. Re1 Nf5 11. c3 d5 12. Bf4 Be6 13. Qb3 Rb8 14. Bd3 Qd7
15. Qc2 g6 16. Qd2 Bg7 17. Be5 Rbe8 18. Bxf5 Bxf5 19. Bxg7 Rxe1+ 20. Qxe1 Kxg7
21. Nd2 Re8 22. Qf1 Qa4 23. Nf3 Qc2 24. Qb5 Re2 25. Qxd5 Qxb2 26. Rf1 Qxa2 27.
Qxb7 Be4 28. Qxc7 Bxf3 29. gxf3 a5 30. c4 a4 31. Kg2 a3 32. f4 Qc2 33. Qc6 a2
34. f5 Qxf5 35. Qf3 Qc2 36. c5 Rd2 37. Qe3 h6 38. Ra1 Qb2 39. Qe5+ Kh7 40. Qf4
Kg8 41. Re1 Rxd4 42. Re8+ Kh7 43. Qxf7# {Roundrobbin checkmated} 1-0

[Event "ICS rated blitz match"]
[Site "207.99.83.229"]
[Date "1999.05.30"]
[Round "?"]
[White "Roundrobbin"]
[Black "Hossa"]
[Result "0-1"]
[WhiteElo "2289"]
[BlackElo "2490"]
[PlyCount "26"]

1. Nf3 Nf6 2. c4 Nc6 3. d4 e6 4. Nc3 d5 5. Bg5 Be7 6. e3 O-O 7. Rc1 Ne4 8. Bxe7
Qxe7 9. cxd5 Nxc3 10. bxc3 exd5 11. Be2 Qa3 12. Qc2 Bf5 13. Qb3 13... Qxc1+ {
Roundrobbin resigns} 0-1

[Event "ICS rated blitz match"]
[Site "207.99.83.229"]
[Date "1999.05.30"]
[Round "?"]
[White "Hossa"]
[Black "blunite"]
[Result "1-0"]
[WhiteElo "2498"]
[BlackElo "2183"]
[PlyCount "62"]

1. e4 e6 2. Nf3 d5 3. exd5 exd5 4. d4 Bg4 5. Be2 Nd7 6. O-O Bd6 7. Ng5 Bf5 8.
Bd3 Qf6 9. Nc3 c6 10. Bxf5 Qxf5 11. Ne2 Ne7 12. Ng3 Qg6 13. Be3 h6 14. Nf3 O-O
15. Qe2 Rae8 16. c3 Nf5 17. Nxf5 Qxf5 18. Rae1 Re6 19. Nd2 Rfe8 20. c4 Nf6 21.
Kh1 Qg4 22. cxd5 cxd5 23. Qb5 b6 24. Nf3 Qh5 25. Kg1 Ng4 26. h3 Nxe3 27. Rxe3
Rxe3 28. fxe3 Rxe3 29. Qd7 Re6 30. Qxa7 Qg6 31. Nh4 31... Qe4 {blunite resigns}
1-0

[Event "ICS rated blitz match"]
[Site "207.99.83.229"]
[Date "1999.05.30"]
[Round "?"]
[White "k64"]
[Black "Hossa"]
[Result "0-1"]
[WhiteElo "2125"]
[BlackElo "2502"]
[PlyCount "50"]

1. e4 c5 2. Nf3 e6 3. c3 d5 4. e5 Nc6 5. Bd3 g5 6. h3 Bg7 7. Qe2 Nh6 8. Bc2 f6
9. d4 cxd4 10. cxd4 O-O 11. exf6 Bxf6 12. O-O Nxd4 13. Nxd4 Bxd4 14. Qd3 Qc7
15. Bxg5 Nf5 16. Nc3 Qg7 17. Qd2 Bd7 18. Kh1 Rac8 19. Ne2 Rxc2 20. Qxc2 Qxg5
21. Nxd4 Nxd4 22. Qc7 Bb5 23. Rfe1 Rxf2 24. Qh2 Be8 25. Re3 25... Qxe3 {
k64 resigns} 0-1

[Event "ICS Rated standard match"]
[Site "207.99.83.229"]
[Date "1999.05.30"]
[Round "?"]
[White "Hossa"]
[Black "Grok"]
[Result "1-0"]
[WhiteElo "2237"]
[BlackElo "2166"]
[PlyCount "38"]

1. d4 Nf6 2. Nf3 d5 3. c4 e6 4. Nc3 Bb4 5. cxd5 exd5 6. Bg5 Bg4 7. Qa4+ Nc6 8.
Ne5 Bd7 9. Nxd7 Qxd7 10. Bxf6 gxf6 11. e3 Rb8 12. Bd3 O-O 13. Qc2 h6 14. Qe2
Nxd4 15. Qh5 Rfe8 16. Qxh6 Ne6 17. Bh7+ Kh8 18. O-O-O Bxc3 19. Rxd5 19... Rbd8
{Grok resigns} 1-0

[Event "ICS rated blitz match"]
[Site "207.99.83.229"]
[Date "1999.05.30"]
[Round "?"]
[White "Hossa"]
[Black "blunite"]
[Result "1-0"]
[WhiteElo "2505"]
[BlackElo "2175"]
[PlyCount "46"]

1. e4 e6 2. Nf3 d5 3. exd5 exd5 4. d4 Bg4 5. Be2 Nd7 6. O-O Bd6 7. Ng5 Bf5 8.
Bd3 Qf6 9. Nc3 c6 10. Bxf5 Qxf5 11. Ne2 Ne7 12. Ng3 Qg6 13. Be3 h6 14. Nf3 b5
15. Nh4 Qh7 16. a4 O-O 17. axb5 cxb5 18. Ra6 Bc7 19. Qg4 Nb6 20. Ngf5 Nxf5 21.
Nxf5 Kh8 22. Rfa1 h5 23. Qf3 23... Bb8 {blunite resigns} 1-0

[Event "ICS rated blitz match"]
[Site "207.99.83.229"]
[Date "1999.05.30"]
[Round "?"]
[White "blunite"]
[Black "Hossa"]
[Result "0-1"]
[WhiteElo "2214"]
[BlackElo "2509"]
[PlyCount "80"]

1. e4 c5 2. d3 g6 3. Nd2 Bg7 4. Ngf3 Nf6 5. g3 O-O 6. Bg2 Nc6 7. O-O d5 8. Re1
dxe4 9. dxe4 e5 10. h3 Qe7 11. c3 Be6 12. Qe2 Rad8 13. Nf1 Rd7 14. Bg5 h6 15.
Bxf6 Qxf6 16. b3 Rfd8 17. Rad1 a6 18. Ne3 a5 19. Rxd7 Rxd7 20. Rd1 Qd8 21. Rxd7
Qxd7 22. Qd2 Bxh3 23. Bxh3 Qxh3 24. Qd6 a4 25. Qxc5 Qh5 26. Kg2 axb3 27. axb3
f5 28. Qd5+ Kh7 29. b4 Kh8 30. b5 Ne7 31. Qxb7 Ng8 32. exf5 gxf5 33. Nh4 f4 34.
Nef5 Bf6 35. Qf3 Qe8 36. Qd5 fxg3 37. fxg3 Qh5 38. Qf3 Qf7 39. Qg4 Qb7+ 40. Kh3
40... Qh1# {blunite checkmated} 0-1

[Event "ICS rated blitz match"]
[Site "207.99.83.229"]
[Date "1999.05.30"]
[Round "?"]
[White "blunite"]
[Black "Hossa"]
[Result "0-1"]
[WhiteElo "2226"]
[BlackElo "2514"]
[PlyCount "76"]

1. e4 c5 2. d3 g6 3. Nd2 Bg7 4. Ngf3 Nf6 5. g3 O-O 6. Bg2 Nc6 7. O-O d5 8. Re1
dxe4 9. dxe4 e5 10. h3 Qe7 11. c3 Be6 12. Qe2 Rad8 13. Nf1 Rd7 14. b3 Rfd8 15.
Bg5 Rd3 16. Rac1 Qd7 17. Kh2 c4 18. Qc2 cxb3 19. axb3 h6 20. Bxf6 Bxf6 21. Ne3
Rd6 22. Red1 Qc8 23. Rxd6 Rxd6 24. Bf1 Bg7 25. Nc4 Rd8 26. Rd1 Rxd1 27. Qxd1
Qf8 28. b4 Qc8 29. Ne3 a5 30. b5 Nb8 31. c4 Nd7 32. Nd5 Qc5 33. Kg1 b6 34. Qd2
a4 35. Qb2 a3 36. Qb3 Nf6 37. Bd3 Bxh3 38. Nd2 38... Ng4 {blunite resigns} 0-1

[Event "ICS rated blitz match"]
[Site "207.99.83.229"]
[Date "1999.05.30"]
[Round "?"]
[White "Hossa"]
[Black "AzkikrU"]
[Result "1/2-1/2"]
[WhiteElo "2519"]
[BlackElo "2565"]
[PlyCount "191"]

1. e4 c5 2. Nf3 e6 3. d4 cxd4 4. Nxd4 Nf6 5. Nc3 d6 6. Be2 Be7 7. O-O O-O 8. f4
Nc6 9. Be3 e5 10. Nxc6 bxc6 11. fxe5 dxe5 12. Qe1 Be6 13. Qg3 Qc7 14. Bh6 Ne8
15. b3 Rd8 16. Rad1 Bc5+ 17. Kh1 Rd4 18. Bd3 Rd7 19. Na4 Be7 20. Be3 Qa5 21.
Bd2 Qc7 22. Nb2 Qd8 23. Bc3 f6 24. Bc4 Bxc4 25. Rxd7 Qxd7 26. Nxc4 Nc7 27. Bd2
Nb5 28. a4 Nd4 29. Bh6 Bc5 30. Be3 Re8 31. Bxd4 Qxd4 32. Qg4 Kf8 33. Na5 Qd2
34. Nxc6 Qxc2 35. Qf5 Qd3 36. b4 Be3 37. b5 Bc5 38. Rc1 Qd2 39. Qf1 Be3 40. Rd1
Qc2 41. Re1 Qc3 42. Qe2 Bb6 43. Rf1 Qa3 44. Qc4 Qe3 45. a5 Bd4 46. Rd1 Qxe4 47.
Nxa7 Qg4 48. Re1 Qd7 49. Nc6 Rc8 50. Rd1 Qg4 51. Qa4 Qe2 52. Qb4+ Kf7 53. Qb3+
Kf8 54. h3 Bf2 55. Qa3+ Kf7 56. Qd3 Qxd3 57. Rxd3 Ke6 58. Rf3 Bc5 59. Rc3 Kd6
60. Rd3+ Ke6 61. Rd8 Rxd8 62. Nxd8+ Kd7 63. Nb7 Bd4 64. g3 Kc7 65. a6 Kb6 66.
Nd6 Bc5 67. Nc8+ Kxb5 68. a7 Bxa7 69. Nxa7+ Kb6 70. Nc8+ Kc6 71. Ne7+ Kd7 72.
Nf5 g6 73. Nh6 Ke6 74. Ng4 f5 75. Ne3 g5 76. Nc4 f4 77. Nd2 Kd5 78. Kg2 e4 79.
h4 e3 80. Nf3 g4 81. gxf4 gxf3+ 82. Kxf3 Kd4 83. Ke2 h6 84. f5 Ke5 85. Kxe3
Kxf5 86. h5 Kg4 87. Ke4 Kxh5 88. Kf4 Kh4 89. Kf5 h5 90. Kf4 Kh3 91. Kf3 h4 92.
Kf2 Kh2 93. Kf3 h3 94. Kf2 Kh1 95. Kg3 h2 96. Kf2 {AzkikrU stalemated} 1/2-1/2

[Event "ICS rated blitz match"]
[Site "207.99.83.229"]
[Date "1999.05.30"]
[Round "?"]
[White "jacdion"]
[Black "Hossa"]
[Result "1-0"]
[WhiteElo "2855"]
[BlackElo "2521"]
[PlyCount "136"]

1. e4 c5 2. Nf3 e6 3. d4 cxd4 4. Nxd4 Nf6 5. Nc3 d6 6. Be2 Be7 7. O-O O-O 8. f4
Nc6 9. Be3 a6 10. a4 Re8 11. Kh1 Qc7 12. Bf3 Na5 13. Qe1 Nc4 14. Bc1 Qb6 15.
Nde2 Qc5 16. Ng3 Rb8 17. b3 Nb6 18. Be3 Qc7 19. Rd1 Nbd7 20. Qd2 Rf8 21. Kg1 b6
22. f5 Ne5 23. Be2 Bb7 24. fxe6 fxe6 25. Bd4 Nfd7 26. Qe3 Nc6 27. Bc4 Nxd4 28.
Rxd4 Rxf1+ 29. Kxf1 Rf8+ 30. Kg1 Rf6 31. Nh5 Rh6 32. Nf4 Bg5 33. h4 Bxf4 34.
Qxf4 Ne5 35. Ne2 Nxc4 36. Rxc4 Qd8 37. Rd4 Qxh4 38. Qxh4 Rxh4 39. Nc3 d5 40.
Rb4 Bc8 41. Rxb6 d4 42. Rb8 dxc3 43. Rxc8+ Kf7 44. Rc4 h5 45. a5 e5 46. Rxc3
Rxe4 47. Rc7+ Kg8 48. Rc6 Re1+ 49. Kh2 Rc1 50. Rxa6 Rxc2 51. Re6 Re2 52. Re7
Kf8 53. Rc7 Kg8 54. a6 Ra2 55. a7 Kh7 56. b4 Ra4 57. b5 e4 58. b6 e3 59. Re7
Rh4+ 60. Kg3 Rg4+ 61. Kh3 Ra4 62. Rxe3 g6 63. Re8 Ra3+ 64. Kh2 h4 65. a8=Q Rxa8
66. Rxa8 Kg7 67. b7 g5 68. b8=Q 68... Kg6 {Hossa resigns} 1-0

[Event "ICS Rated blitz match"]
[Site "207.99.83.229"]
[Date "1999.05.30"]
[Round "?"]
[White "Hossa"]
[Black "OVI68"]
[Result "1-0"]
[WhiteElo "2517"]
[BlackElo "2284"]
[PlyCount "93"]

1. e4 d6 2. d4 Nf6 3. Nc3 g6 4. Be2 Bg7 5. h4 c5 6. dxc5 Qa5 7. Qd3 Qxc5 8. h5
O-O 9. Be3 Qa5 10. hxg6 hxg6 11. O-O-O Nc6 12. Qc4 Be6 13. Nd5 Bxd5 14. exd5
Nb4 15. Bd2 Nfxd5 16. a3 Rac8 17. Bxb4 Nxb4 18. Qxb4 Qg5+ 19. Kb1 a5 20. Qb6
Rc6 21. Qa7 Qxg2 22. Bf3 Qg5 23. Bxc6 bxc6 24. Qb7 Qe5 25. Qb6 c5 26. Qb5 d5
27. Nf3 Qf4 28. Qd3 Rb8 29. b3 c4 30. Qxd5 cxb3 31. cxb3 a4 32. Rd3 e6 33. Qc6
Qf6 34. Nd4 Qxf2 35. Qxa4 e5 36. Nc2 e4 37. Qxe4 Qa7 38. Qg4 Qa6 39. Qg3 Rc8
40. Qh3 Kf8 41. Qd7 Qa8 42. Rg1 Re8 43. Qc7 Qe4 44. Rd7 Qf4 45. Qxf4 f5 46.
Qb4+ Kg8 47. Qc4+ {OVI68 resigns} 1-0